Statistics for US Airforce Rank

Click here to take the quiz!

General Stats

  • This quiz has been taken 44 times
  • The average score is 14 of 21

Answer Stats

Pay GradeAnswer% Correct
O-3Captain
91%
O-10General
91%
O-4Major
88%
E-2Airman
85%
O-6Colonel
79%
O-9Lieutenant General
79%
O-2First Lieutenant
76%
O-8Major General
76%
E-3Airman First Class
73%
O-7Brigadier General
73%
O-1Second Lieutenant
73%
O-5Lieutenant Colonel
70%
E-7Master Sergeant
64%
E-5Staff Sergeant
61%
E-4Senior Airman
58%
E-6Technical Sergeant
52%
E-1Airman Basic
48%
E-9Chief Master Sergeant
45%
O-10 (Reserved For War Time Only)General of the Airforce
45%
E-8Senior Master Sergeant
42%
E-7 (up to E-9)First Sergeant
39%

Score Distribution

Percentile by Number Answered

Percent of People with Each Score

Your Score History

You have not taken this quiz